Nesmrteľnosť duše

Bibliographic Details
Main Author: Filo, Július, 1921-2004 (Author)
Format: Article
Language:Slovak
Subjects:

MARC

LEADER 00000nab a2200000 a 4500
001 vtls000677592
003 SK-MaSNL
005 20260304100734.0
008 250425c1998 xo 0 slo
015 |a SNBRB1998/11-30545 
035 |a CLN000029761 
035 |a urn:nbn:sk:snk-abeq8j 
035 |a (urnnbn)urn:nbn:sk:snk:ar-a08tto 
035 |a (uuid)367db049-b7c5-48c4-bd5b-79b8006187ad 
040 |a SNKBUCL  |b slo  |c SNKBUCL  |e AACR2 
041 0 |a slo 
044 |a xo  |c SK 
080 |a 237.2  |2 1997 
100 1 |a Filo, Július,  |d 1921-2004  |4 aut  |9 223926 
245 1 0 |a Nesmrteľnosť duše  |c Július Filo st. 
650 0 7 |a duša  |x nesmrteľnosť  |x učenie náboženské  |2 snkbucl  |9 1395019 
655 7 |a články z novín a časopisov  |2 snkbucl  |9 267496 
773 0 |t Cirkevné listy  |g Roč. 111, č. 11 (1998), s. 164-166 
850 |a Slovenská národná knižnica 
852 |a Slovenská národná knižnica 
954 |a odborná, vedecká literatúra pôvodná (slovenská)  |2 lita 
958 |a article27 
958 |a OND 
958 |a EUIPO 
992 |a RBX 
999 |c 2839655  |d 2841585